| 000 | 02290nam0a2200361 4500 | ||
|---|---|---|---|
| 001 | RU\NLR\BIBL_A\022448649 | ||
| 005 | 20250402112344.0 | ||
| 010 |
_a978-5-7310-6429-3 _9500 |
||
| 021 |
_aRU _bКН-П-24-081618 _9КН-П-24-8139 |
||
| 035 | _a(NLR Aleph) 022448649 | ||
| 090 |
_a13356421 _c13356421 |
||
| 100 | _a20250206d2024 k y0rusy50 ca | ||
| 101 | 0 |
_arus _aeng |
|
| 102 | _aRU | ||
| 105 | _aac z 100yy | ||
| 181 | 0 |
_ai _baxxe |
|
| 182 | 0 | _an | |
| 200 | 1 |
_aТворчество как национальная стихия: проблема добра и зла _eсборник статей _eпо итогам девятой (29 июня – 1 июля 2023 г.) и в преддверии десятой (27 июня – 1 июля 2024) международной научной конференции _fРоссийское философское общество [и др.] _gпод редакцией доктора философских наук, профессора В. С. Глаголева [и др.] |
|
| 203 |
_aТекст _bвизуальный _cнепосредственный |
||
| 210 |
_aСанкт-Петербург _cИзд-во Санкт-Петербургского государственного экономического университета _d2024 |
||
| 215 |
_a185 с. _cил., портр., табл. _d20 |
||
| 300 | _aТекст рус., англ. | ||
| 320 | _aБиблиогр. в конце ст. и подстроч. примеч. | ||
| 606 | 1 |
_aТворчество _jСборники _xНациональные особенности _92055258 _3RU\NLR\AUTH\661232486 |
|
| 686 | 1 | _aЮ802.17я43 | |
| 702 | 1 |
_aГлаголев _bВ. С. _gВладимир Сергеевич _4340 |
|
| 711 | 1 | 2 |
_a"Творчество как национальная стихия: проблема добра и зла", международная научная конференция _d9 _eСанкт-Петербург _f2023 _92655501 _3RU\NLR\AUTH\880623133 |
| 712 | 0 | 2 |
_4557 _aРоссийское философское общество _9492837 _3RU\NLR\AUTH\889997779 |
| 942 | _cBOOK | ||
| 980 | _aNB | ||